000 00891nac a22002777a 4500
001 BR7907592
003 BR-BrBNA
005 20240105114539.0
008 230509b bl.|||m| |||| 00| 0 por d
040 _aBR-BrBNA
_bpor
_cBiblioteca Nacional de Agricultura
072 _aF00
090 _a1530 BR7907592
100 1 _aSantos, F. de A.M. dos
110 1 _aEmpresa de Assistencia Tecnica e Extensao Rural do Ceara, Ubajara (Brasil). Escritorio Regional de Ubajara
_94005
245 1 _aCenoura [Daucus carota]
260 3 _aUbajara, CE (Brasil):
_c1979.
300 _a7 p.
490 _aResumo Tecnico - Empresa de Assistencia Tecnica e Extensao Rural do Ceara (Brazil)
_vno. 1
_x
650 _aCENOURA
650 _aSOLO
650 _aADUBACAO
650 _aHERBICIDA
650 _aPRATICA CULTURAL
909 _a202312
_bLúcia Elande
_c55
_dLúcia Elande
942 _2AGRIS
_n0
_cMS
999 _c269971
_d269971